|
|
|
|
| LEADER |
00903Cam#a2200289#a#4500 |
| 001 |
021537 |
| 005 |
20160721155839.0 |
| 008 |
100325s2009||||ag # f#b #000|0#spa#d |
| 020 |
|
|
|a 9789871544448
|
| 040 |
|
|
|a AR-BeUNQ
|
| 082 |
0 |
4 |
|a 155.4
|2 21
|
| 100 |
1 |
|
|a Miller, Alice
|
| 245 |
0 |
2 |
|a Salvar tu vida :
|b la superación del maltrato en la infancia
|c Alice Miller ; traducción de lorena Silos.
|
| 250 |
|
|
|a 1a. ed.
|
| 260 |
|
|
|a Buenos Aires :
|b Tusquets,
|c 2009.
|
| 300 |
|
|
|a 344 p. ;
|c 21 cm.
|
| 490 |
1 |
|
|a Ensayo ;
|
| 504 |
|
|
|a Incluye fuentes.
|
| 650 |
|
7 |
|a Psicología
|2 spines
|
| 650 |
|
7 |
|a Psiquiatría
|2 spines
|
| 650 |
|
7 |
|a Violencia
|2 spines
|
| 650 |
|
7 |
|a Niños
|2 spines
|
| 700 |
1 |
|
|a Silos, Lorena
|e tr
|4 trl
|
| 830 |
|
0 |
|a Ensayo (Tusquets).
|n v. 78
|
| 929 |
|
|
|a DONACION
|b Margarita Pierini
|d 0,00
|e 20100215
|f PAT0033097
|g 1459 Exp. 827-0387/98
|j 44642
|
| 942 |
|
|
|c LIB
|n 0
|
| 999 |
|
|
|c 20954
|d 96341
|